Statistiques concernant Personnalités politiques françaises n°5

Cliquez ici pour prendre le quiz!

Statistiques générales

  • Ce quiz a été pris 1 680 fois
  • Le résultat moyen est 13 sur 20

Statistiques - réponses

Réponse% Correct
Emmanuel Macron
99%
Jean-Luc Mélenchon
99%
Manuel Valls
95%
Ségolène Royal
93%
Nicolas Dupont-Aignan
87%
Jack Lang
74%
Dominique de Villepin
72%
Yannick Jadot
69%
Arnaud Montebourg
67%
Xavier Bertrand
67%
Gérard Larcher
66%
Najat Vallaud-Belkacem
64%
Cédric Villani
62%
Christian Estrosi
55%
Richard Ferrand
49%
Louis Aliot
39%
Jean-Vincent Placé
38%
Christophe Castaner
31%
Jean-Claude Gaudin
24%
Florence Parly
22%

Distribution des résultats

Percentile par nombre de réponses

% des personnes avec chaque résultat

Votre développement - résultats

Vous n’avez pas pris ce quiz